[Event "Pan American-ch U16"]
[Site "Guayaquil"]
[Date "2019.07.25"]
[Round "7"]
[White "Quinde Rizzo, Hugo Josue"]
[Black "Rodriguez Jimenez, Edgar"]
[Result "0-1"]
[WhiteElo "1475"]
[BlackElo "1162"]
[PlyCount "76"]
[EventDate "2019.07.21"]
[EventType "swiss"]
[EventRounds "9"]
[EventCountry "ECU"]
[SourceTitle "EXT 2020"]
[Source "ChessBase"]
[SourceDate "2019.10.17"]
[SourceVersion "1"]
[SourceVersionDate "2019.10.17"]
[SourceQuality "1"]

1. e4 d6 2. d4 Nf6 3. Nc3 g6 4. f3 Bg7 5. Be3 0-0 6. Qd2 e5 7. Nge2 h5 8. 0-0-0 Nbd7 9. Bg5 Qe8 10. Nb5 Qd8 11. Nbc3 c6 12. g4 Qc7 13. h4 hxg4 14. Bg2 gxf3 15. Bxf3 exd4 16. Nxd4 Ne5 17. Be2 Bg4 18. Rdg1 Bxe2 19. Qxe2 Nh5 20. Nf5 f6 21. Nxg7 Qxg7 22. Be3 Kf7 23. b3 Rh8 24. Qd1 Ke7 25. Ne2 c5 26. Qd5 Nc6 27. Nc3 Qf7 28. Qd3 Ne5 29. Nd5+ Kf8 30. Qd1 Re8 31. Rf1 Re6 32. Rhg1 Ke8 33. Qe2 a6 34. Rf2 Kd7 35. Rgf1 Rf8 36. Bh6 Rfe8 37. Nc3 R8e7 38. Qd2 Ng4 0-1